000 00614nam a22001817a 4500
003 UA-OsUOA
001 14898
007 ta
008 20031023b un ||||| |||| 00| 0 ukr d
100 _aПащук І.
942 _cSA
040 _aUA-OsUOA
_cUA-OsUOA
_dUA-OsUOA
245 _aМонета 1893 року :[Монета австро-угорської грош. одиниці знайдена в с.Обарів Рівнен. р-ну]
300 _aС.8
955 _a0
773 0 _w0
_tВільне слово
_dРівне
_d2003
_g№61/ 6 серп./
650 7 _aАрхеологічні знахідки
_2UDC
999 _c301062
_d301062